| 000 | 01657 a2200205 4500 | ||
|---|---|---|---|
| 001 | 57754 | ||
| 005 | 20260407155837.0 | ||
| 008 | 260407a2007 arg spa d | ||
| 003 | AR-UNSa-BCEJYS | ||
| 040 |
_aAR-UNSa-BCEJYS _bspa _cAR-UNSa-BCEJYS |
||
| 080 |
_a658.312.4 _xEducación y adiestramiento (capacitación, formación, carrera...) |
||
| 245 | 1 | 0 | _aMecanismo de admisión y rendimiento académico de los estudisntes universitarios |
| 020 | _a978-950-34-0411-9 | ||
| 264 | 1 |
_aLa Plata : _b(EDULP) Editorial de la Universidad Nacional de la Plata _c2007 |
|
| 300 |
_a235 p. _c21 cm. |
||
| 505 | _a1. Introducción – 2. Rendimiento y éxito académico de los estudiantes de la Facultad de Ciencias Económicas de la Universidad Nacional de Córdoba. Un análisis para dos cohortes de ingresantes – 3. Influencia de características socioeconómicas en el ingreso y en el rendimiento académico – 4. Admisión a la universidad y rendimiento de los estudiantes – 5. Desempeño en el ciclo de formación inicial: análisis de cohortes de la Facultad de Ciencias Económicas de la UNLP – 6. Mecanismos de ingreso a la facultad y rendimiento de los alumnos durante el primer año – 7. Factores asociados al desempeño académico universitario – 8. El rendimiento universitario. Un estudio de posibles factores causales en una facultad de la Universidad Nacional de Rosario – 9. Estudio del rendimiento estudiantil en la Facultad de Concias Económicas UNT – 10. Predicción de performance académica: estudios de grado en una universidad privada | ||
| 942 | _cBK | ||
| 590 | _aniveau_biblio:m niveau_hierar:0 | ||
| 100 | 1 | _aPorto, Alberto | |
| 999 |
_c6266 _d6266 |
||